El proceso didáctico /

Guardado en:
Autor Principal: Mello Carvalho, Irene
Formato: Libro
Publicado: Buenos Aires : Kapelusz, 1974
Series:Bibl. de cult. pedag¢gica, 126
Materias:
Etiquetas: Agregar Etiqueta
Sin Etiquetas, Sea el primero en etiquetar este registro!
LEADER 01397nam a22002415a 4500
001 CEM.cems004294
005 20060216000000.0
008 130507s1974##################000#0#####d
003 CEMS
082 0 4 |a 371 
100 1 |a Mello Carvalho, Irene 
245 1 0 |a El proceso didáctico / 
260 |a Buenos Aires :  |b Kapelusz,  |c 1974 
300 |a 316 
490 0 |a Bibl. de cult. pedag¢gica, 126 
505 0 |a Los fines del proceso educativo.- La escuela como instituci¢n: sus objetivos.- La educaci¢n, ense¤anza y aprendizaje.- Los objetivos inmediatos de las actividades de docentes y alumnos.- La actividad docente: sus diferentes aspectos.- El planeamiento did ctico.- Motivaci¢n e incentivaci¢n: aspectos psicol¢gicos y did cticos.- La comunicaci¢n oral en el proceso did ctico.- LA comunicaci¢n audiovisual.- La ense¤anza individualizada.- La ense¤anza socializada.- La ense¤anza socio-individualizada.- Nuevas concepciónes pedag¢gicas y sus repercusiones en el campo de la did ctica.- El problema de la evaluaci¢n en el proceso did ctico.- ¨control del la disciplina u orientaciónes de la conducta? 
653 |a Didactica 
653 |a Disciplina escolar 
653 |a Educacion 
653 |a Enseñanza-aprendizaje 
653 |a Pedagogia 
859 |a CEMS  |b BIB. CEMS - 11 de abril  |h 371  |i M489  |p 13532.85  |t Ej.1 
859 |a CEMS  |b BIB. CEMS - 11 de abril  |h 371  |i M489  |p 16091.91  |t Ej.2